000 00392 a2200145 4500
040 _aDLC
_bDLC
082 _a297.63
100 _aAllama Shibili Nomani
245 _aSeerat-un-Nabi (PBUH) (Vol.3 & 4)
_cAllama Shibili Nomani
260 _aLahore:
_bIslami Kutab Khana.
300 _a511
_c24 cm.
500 _aIncludes Index
650 _aMuhammad, prophet, D632
942 _cBK
_k297.63 SHI
_2ddc
999 _c7814
_d7814